000 00885nam a22002297a 4500
999 _c17631
_d17631
003 AR-CdUCM
008 190509b ||||| |||| 00| 0 spa d
020 _a84-205-0699-0
040 _aMUNICIPALIDAD PROVINCIAL DEL CUSCO
_cBIBLIOTECA MUNICIPAL DEL CUSCO
082 _a868.5 /
_bH22
100 _aHartzenbusch, Juan Eugenio
_937763
245 _aLos amantes de Teruel /
260 _aMadrid :
_bAlhambra,
_c1980.
300 _aVI, 353 páginas ;
_c21 cm.
505 _aContenido: Hartzenbusch y el drama romántico español -- El tema y la tradición de Los amantes de Teruel -- Estudio dramático de Los amantes de Teruel -- Los textos -- Los amantes de Teruel.
650 _aNovelas españolas
_9584
650 _aLiteratura Española
_9612
650 _aSiglo XIX
_9971
700 _aPicoche, Jean Louis (edición)
_937764
942 _2ddc
_cLIBROS
945 _aachl
_d2019-05-09